000 00445nam a2200181Ia 4500
001 10722
005 20260306161853.0
008 260306t1996||||xx |||||||||||||| ||spa||
041 _aESP
082 _a946.1
_bC33
100 _aCastro, Américo
_eAUT
245 0 _aEspaña en su historia:
_bcristianos moros y judíos
260 _c1996
300 _a675 páginas :
_c21 cm.
650 _aGEN
654 _aCHU
942 _cLIB
_dJUS
_fJUS
_2ddc
_n
999 _c10722
_d10722